| 000 | 00477nam a2200205Ia 4500 | ||
|---|---|---|---|
| 005 | 20240604044435.0 | ||
| 008 | 240331s9999 xx 000 0 und d | ||
| 020 | _a8176294977 | ||
| 082 | _a362 | ||
| 245 | 0 | _aViolence againt women | |
| 250 | _a1st | ||
| 260 |
_aNew Delhi _bDEEP & DEEP Publications PVT.LTD _c2006 |
||
| 300 | _axxviii,295 p., | ||
| 650 | _aViolence | ||
| 650 | _aWomen | ||
| 700 | _aGoel,A | ||
| 700 | _aKaur,M | ||
| 700 | _aSulthana,A | ||
| 942 | _cL | ||
| 999 |
_c4550 _d4550 |
||